Statystyki dla Angielski zwykly 6.4

Kliknij tutaj aby rozwiązać quiz!

Ogólne statystyki

  • Ten quiz został rozwiązany 31 razy
  • Średni wynik to 10 z 35

Statystyki odpowiedzi

POLSKIANGIELSKI% Poprawnych
śliczny/ uroczycute
84%
rozmazany/niewyraznyblurred
53%
na długość ramieniaat arm's lenght
47%
obiektywlens
47%
defekt / wadadefect
42%
pochodzenieorigin
42%
retuszowaćairbrush
37%
stać się powszechnymbecome mainstream
37%
dotyczący twarzyFacial
37%
dysmorfofobiabody dysmorphic disorder
32%
księżnaduchess
32%
ostry / wyraźnysharp
32%
uchwycić niezapomnianą chwilęcapture a memorable moment
26%
kadrować/ przycinać zdjęciacrop images
26%
Dziubek (ułożenie ust przy pozowaniu do zdjęć)duck face
26%
niegroźny / nieszkodliwyharmless
26%
ostre/nieostre (zdjęcie)in focus/out of focus
26%
stwierdzić / ogłosićmake a claim
26%
pozować do zdjęciapose for a photo
26%
zyskać popularnośćto gain popularity
26%
pochodzićto originate
26%
zaburzenie psychicznemental health problem/condition
21%
zrobić zdjęcietake a shot/snap
21%
pochodzić z jakiegoś okresuto date back to
21%
mieć nawykto have the habit of
21%
nawiązywać doto refer to
21%
zrobić/pstryknąć selfiesnap a selfie
16%
oznajmiać / sięgać (czasów) / oświadczaćto declare
16%
retuszować zdjęciaretouch images
11%
pozbyć się czegośshake sth off
11%
poczochrać/potargaćtousle
11%
powiększyć/pomniejszyćzoom in / zoom out
11%
szukać / zabiegać oto seek
5%
leczyćto treat
5%
powodować / wywoływaćtrigger
5%

Rozkład punktacji

Percentyl według liczby udzielonych odpowiedzi

Procent ludzi z każdym wynikiem

Twoja historia wyników

Nie rozwiązałeś tego quizu